Sports Quiz

Random Sports or Football Quiz

West Ham Songs Quiz Stats

 Plays Quiz not verified by Sporcle

Challenge
Share
Tweet
Embed
Score 0/10 Timer 10:00
0 Plays Today
Subject Song % Correct
Main SongI'm Forever Blowing Bubbles
95%
Dimitri PayetWe've Got Payet
83.3%
Manuel LanziniAin't Nobody Like Lanzini
33.3%
Aaron CresswellAaron Cresswell's Magic
33.3%
Slaven BilicSuper Super Slav
23.3%
ChantCome on you Irons
18.3%
Club's LocationOh East London is Wonderful
11.7%
Ludek MikloskoHey Big Fella
10%
Michail AntonioAntoniooo Antoniooo
10%
Mark NobleHe Comes from Canning Town
5%

You're not logged in!

Compare scores with friends on all Sporcle quizzes.
Join for Free
OR
Log In

You Might Also Like...

Show Comments

Extras

Top Quizzes Today


Score Distribution

Your Account Isn't Verified!

In order to create a playlist on Sporcle, you need to verify the email address you used during registration. Go to your Sporcle Settings to finish the process.

Report this User

Report this user for behavior that violates our Community Guidelines.

Details: